000 00795cam a22002653a 4500
001 11503
003 PGUSA
005 20140828083237.0
008 040301s2004||||xxu|||||s|||||000 1 eng d
040 _aPGUSA
_beng
042 _adc
050 4 _aPS
100 1 _aBacheller, Irving,
_d1859-1950
245 1 0 _aKeeping up with Lizzie
_h[electronic resource] /
_cIrving Bacheller
260 _bProject Gutenberg,
_c2004
506 _aPublic domain in the USA.
516 _aElectronic text
653 _aNew England -- Fiction
653 _aVillages -- Fiction
653 _aUnited States -- Social life and customs -- 20th century -- Fiction
653 _aConnecticut -- Fiction
830 0 _aProject Gutenberg
_v11503
856 4 0 _uhttp://www.gutenberg.org/ebooks/11503
942 _cEB
999 _c240758
_d240758